00870nam a22002177a 4500999001900000005001700019010001500036020003100051035001400082037000900096082001800105100002000123245011700143260005700260270011700317300002000434700001600454700002100470942003200491952012900523 c183578d18357820211229102851.0 aENG-130244 a978-81-316-1145-6c1395.00 aEN-113776 bDBAD a371.826940954 aShah, Ghanshyam aEducational Status of Scheduled Castes:bAttainment and Challenges:cGhanshyam Shah, K. Sujatha, Sukhadeo Thorat aChennaibWestland Publications Private Limitedc2019 a1st Floor, A Block, East Wing, Plot No. 40, SP Infocity, Dr MGR Salai, Perungudi, KandanchavadibChennaie600096 a352pc24cm(hbk) aSujatha, K. aThorat, Sukhadeo 2ddccENh371.826940954mSHA 001040708NFICaMbMd2021-12-29eDBAD/PUB`g1395.00l0o371.826940954 SHApEN-113776r2021-12-29 00:00:00t1v1395.00yEN